LEADER 00856cam2 22002531 450 001 SOBE00082175 005 20250228092801.0 100 $a20250228d1964 |||||ita|0103 ba 101 $aeng 102 $aIT 200 1 $a<<1: >>To the restoration$fElio Chinol 210 $aNapoli$cLiguori$d1964 215 $a250 p.$d24 cm 461 1$1001SOBE00028609$12001 $a<>short survey of English literature (with an anthology of poetry and prose) / Elio Chinol 700 1$aChinol$b, Elio$3A600200031255$4070$036264 801 0$aIT$bUNISOB$c20250228$gRICA 850 $aUNISOB 852 $aUNISOB$j820$m72975 912 $aSOBE00082175 940 $aM 102 Monografia moderna SBN 941 $aM 957 $a820$b003012$gSI$d72975$tC$1bethb$2UNISOB$3UNISOB$420250228092733.0$520250228092801.0$6bethb 996 $aTo the restoration$91716525 997 $aUNISOB